TEXTBOOK OF OTORHINOLARYNGOLOGY AND HEAD AND NECK SURGERY (Record no. 14142)

MARC details
000 -LEADER
fixed length control field 00300nam a22001337a 4500
003 - CONTROL NUMBER IDENTIFIER
control field SGT
082 ## - DEWEY DECIMAL CLASSIFICATION NUMBER
Classification number 617.51
Item number O10C
100 ## - MAIN ENTRY--PERSONAL NAME
Personal name CHARY,GEETHA
245 ## - TITLE STATEMENT
Title TEXTBOOK OF OTORHINOLARYNGOLOGY AND HEAD AND NECK SURGERY
250 ## - EDITION STATEMENT
Edition statement 1ST
260 ## - PUBLICATION, DISTRIBUTION, ETC. (IMPRINT)
Place of publication, distribution, etc INDIA
Name of publisher, distributor, etc APH
Year of Publication 2010
300 ## - PAGE DESCRIPTION
No. of Pages 205
942 ## - ADDED ENTRY ELEMENTS (KOHA)
Source of classification or shelving scheme Dewey Decimal Classification
Koha item type Books
Holdings
Withdrawn status Lost status Source of classification or shelving scheme Damaged status Not for loan Collection code Home library Current library Shelving location Date acquired Vendor Name SGTU Total Checkouts Full call number Accession No. (Barcode) Date last seen Bill Date Koha item type
    Dewey Decimal Classification     MEDICAL SGT Medical Library SGT Medical Library Text Book 22/12/2017 ABC DELHI SGTU   617.51 O10C FM9049 22/12/2017 22/12/2017 Books
    Dewey Decimal Classification     MEDICAL SGT Medical Library SGT Medical Library Text Book 22/12/2017 ABC DELHI SGTU   617.51 O10C FM9050 22/12/2017 22/12/2017 Books